01485nam a2200229 a 450000100100000000500170001000800410002704000250006804100080009311002090010124000800031024500610039026000720045130000210052304900090054495201170055395201170067095201170078795201640090495201700106899900170123800002252920200930021646.0101013s1945 dr 001 0 spa d aDO-SdBNPbspacBNPHU17aing1 aRepública Dominicana.bcomission appointe by the excutive power of the Dominican Republic to appraise the repot of ghe bookings institution concerning the colonization of refugee in Santo Domingo94638410aCapacity of the Dominican republic to absorb refugeeslTítulo en inglés10aCapacity of the Dominican republic to absorb refugees /. aCiudad Trujillo, República Dominicana :bEditora Montalvo,c1945. a120 p. ;c24 cm. aBNPD 001054708RVaGRbGRcCTd2010-10-13iLF1l0o p22529-30r2020-06-25te. 3w2020-06-25y4ZPréstamo en sala 001054708RVaGRbGRcCTd2010-10-13iLF1l0o p22529-40r2020-06-25te. 4w2020-06-25y4ZPréstamo en sala 001054708RVaGRbGRcCTd2010-10-13iLF1l0o p22529-50r2020-06-25te. 5w2020-06-25y4ZPréstamo en sala 001050718RVaPDbPDcHDd2010-10-13iLF1l0o p22529-10r2020-06-25w2020-06-25y1zPerteneció a la biblioteca personal de Martínez Boog.ZNo se presta 001050718RVaPDbPDcCTd2010-10-13iLF1l0o p22529-20r2020-06-25te. 2w2020-06-25y1zPerteneció a la biblioteca personal de Martínez Boog.ZNo se presta c22026d22026